Furthest West London Underground Stations - Statistics

General Stats
  • This quiz has been taken 35 times
  • The average score is 18 of 25
Answer Stats
Line(s) Answer % Correct
Metr/Picc Uxbridge
94%
Eliz Reading
88%
Metr Amersham
84%
Metr Chesham
81%
Metr Rickmansworth
78%
Eliz Slough
78%
Cent West Ruislip
78%
Metr Chorleywood
75%
Metr/Picc Hillingdon
75%
Metr/Picc Ickenham
75%
Metr Moor Park
75%
Metr Chalfont & Latimer
72%
Eliz/Picc Heathrow Terminal 4
72%
Eliz/Picc Heathrow Terminal 5
72%
Eliz/Picc Heathrow Terminals 1,2,3
72%
Eliz Maidenhead
72%
Eliz Iver
69%
Metr Northwood
69%
Eliz West Drayton
69%
Metr Croxley
63%
Eliz Twyford
63%
Eliz Burnham
56%
Picc Hatton Cross
56%
Eliz Langley
56%
Eliz Taplow
56%
No matching quizzes found
Score Distribution
Percent of People with Each Score
Percentile by Number Answered
Your Score History
You have not taken this quiz